000 00414nmm a2200145Ia 4500
008 251105s9999||||xx |||||||||||||||||und||
041 _aspa
100 _aMeyer zu Duttingdorf, Hans
245 0 _aEl canto del bandoneón
264 _a[Madrid, España] :
_bEdiciones B,
_c2015
300 _a300 páginas
650 _aOther narratives
856 _uhttps://public.digitaliapublishing.com/a/53578
942 _cCF
999 _c105614
_d105614